Kali Uchis Charting Songs (Billboard Hot 100) - Statistics

General Stats
  • This quiz has been taken 193 times
    30 since last reset
  • The average score is 6 of 9
Answer Stats
Album Weeks On Peak Artist(s) Song % Correct
Red Moon in Venus 11 Weeks #80 Kali Uchis Moonlight
95%
Flower Boy 20 Weeks #44 Tyler, The Creator ft. Kali Uchis See You Again
91%
Sin Miedo (del Amor y Otros Demonios) ∞ 25 Weeks #25 Kali Uchis Telepatia
82%
Freudian 6 Weeks #93 Daniel Caesar ft. Kali Uchis Get You
64%
Orquídeas 10 Weeks #22 Kali Uchis & Peso Pluma Igual Que Un Angel
64%
Hearts Sold Separately 25 Weeks #27 Mariah The Scientist & Kali Uchis Is It a Crime
64%
Red Moon in Venus 2 Weeks #81 Kali Uchis I Wish You Roses
50%
Orquídeas 1 Week #97 Kali Uchis & Karol G Labios Mordidos
32%
THE ANGEL YOU DON'T KNOW 3 Weeks #80 Amaarae & Moliy ft. Kali Uchis Sad Girlz Luv Money
32%
No matching quizzes found
Score Distribution
Percent of People with Each Score
Percentile by Number Answered
Your Score History
You have not taken this quiz since the last reset